Di sản phương Đông = Our oriental heritage

Sách nói về lịch sử văn minh Ai Cập và Cận Đông (tức Tây Á) cho tới khi Đại đế Alexandre của Hi Lạp mất; sử Ấn Độ, Trung Hoa, Nhật Bản cho đến thời hiện đại, kèm theo phần giới thiệu về bản chất và các yếu tố của nền văn minh....

Full description

Saved in:
Bibliographic Details
Main Author: Durant, Will
Format: Book
Language:Undetermined
Published: Hà Nội Hồng Đức 2014
Subjects:
Tags: Add Tag
No Tags, Be the first to tag this record!
Institutions: Trung tâm Học liệu Trường Đại học Cần Thơ
LEADER 01004nam a2200229Ia 4500
001 CTU_188440
008 210402s9999 xx 000 0 und d
020 |c 420000 
082 |a 950 
082 |b D951 
100 |a Durant, Will 
245 0 |a Di sản phương Đông = 
245 0 |b Our oriental heritage 
245 0 |c Will Durant ; Huỳnh Ngọc Chiến dịch 
260 |a Hà Nội 
260 |b Hồng Đức 
260 |c 2014 
520 |a Sách nói về lịch sử văn minh Ai Cập và Cận Đông (tức Tây Á) cho tới khi Đại đế Alexandre của Hi Lạp mất; sử Ấn Độ, Trung Hoa, Nhật Bản cho đến thời hiện đại, kèm theo phần giới thiệu về bản chất và các yếu tố của nền văn minh. 
650 |a Asia,Civilization, Oriental,Châu Á 
650 |x Civilization,Văn minh 
910 |a Hải 
980 |a Trung tâm Học liệu Trường Đại học Cần Thơ